书目信息 |
| 题名: |
赵树理全集
|
|
| 作者: | 赵树理 著 ;董大中 主编 | |
| 分册: | 5 政论 杂谈 书信 | |
| 出版信息: | 太原 北岳文艺出版社 2018 |
|
| 页数: | 10,429页 | |
| 开本: | 23cm | |
| 丛书名: | ||
| 单 册: | ||
| 中图分类: | I217.32 | |
| 科图分类: | ||
| 主题词: | 中国文学--zhong guo wen xue--当代文学--作品集 | |
| 电子资源: | ||
| ISBN: | 978-7-5378-5621-8 | |
| 000 | 00930nam0 2200253 450 | |
| 001 | 2151086286 | |
| 005 | 20211019143235.39 | |
| 010 | @a978-7-5378-5621-8@b精装@dCNY139.60(全5册698.00) | |
| 100 | @a20190406d2018 em y0chiy50 ea | |
| 101 | 0 | @achi |
| 102 | @aCN@b140000 | |
| 105 | @ay z 000zy | |
| 106 | @ar | |
| 200 | 1 | @a赵树理全集@Azhao shu li quan ji@h5@i政论 杂谈 书信@f董大中主编 |
| 210 | @a太原@c北岳文艺出版社@d2018@h2019印 | |
| 215 | @a10,429页@d23cm | |
| 330 | @a本书收录赵树理的部分政论、杂谈、书信作品,包括《读书·做人·革命》《文化与小伙子》《致王守邦》《汪精卫与木头人》《“私人意见”》等。 | |
| 517 | 1 | @a政论 杂谈 书信@Azheng lun za tan shu xin |
| 606 | 0 | @a中国文学@Azhong guo wen xue@x当代文学@x作品集 |
| 690 | @aI217.32@v5 | |
| 701 | 0 | @a赵树理@Azhao shu li@f(1906-1970)@4著 |
| 702 | 0 | @a董大中@Adong da zhong@4主编 |
| 801 | 0 | @aCN@b百万庄@c20211016 |
| 905 | @b1309296-99@dI217.32@e1093:5@f4 | |
| 赵树理全集.5.政论 杂谈 书信/董大中主编.-太原:北岳文艺出版社,2018(2019印) |
| 10,429页;23cm |
| ISBN 978-7-5378-5621-8(精装):CNY139.60(全5册698.00) |
| 本书收录赵树理的部分政论、杂谈、书信作品,包括《读书·做人·革命》《文化与小伙子》《致王守邦》《汪精卫与木头人》《“私人意见”》等。 |
| ● |
| 相关链接 |
|
|
|
|
正题名:赵树理全集
索取号:I217.32/1093:5
 
预约/预借
| 序号 | 登录号 | 条形码 | 馆藏地/架位号 | 状态 | 备注 |
| 1 | 1309296 | 213092963 | 第一样本阅览室/ [索取号:I217.32/1093:5] | 在馆 | |
| 2 | 1309297 | 213092972 | 第二借阅区/ [索取号:I217.32/1093:5] | 在馆 | |
| 3 | 1309298 | 213092981 | 第二借阅区/ [索取号:I217.32/1093:5] | 在馆 | |
| 4 | 1309299 | 213092990 | 第二借阅区/ [索取号:I217.32/1093:5] | 在馆 |